| 000 | 00915nam a2200277 i 4500 | ||
|---|---|---|---|
| 001 | bg | ||
| 245 | 0 |
_aTechnika w systemach transportowych / _c[kom. red. Mirosława Dąbrowa-Bajon et al.]. |
|
| 260 |
_aWarszawa : _bOficyna Wydawnicza Politechniki Warszawskiej, _c2006. |
||
| 300 |
_a159 s. : _bil. ; _c24 cm. |
||
| 490 | 1 |
_aPrace Naukowe / Politechnika Warszawska. Transport, _x1230-9265 ; _vz. 57 |
|
| 500 | _aTyt. wg okł. | ||
| 504 | _aBibliogr. przy pracach. | ||
| 546 | _aStrescz. ang. przy pracach. | ||
| 650 | 9 |
_aTransport _xtechnika |
|
| 650 | 9 | _aLogistyka gospodarcza | |
| 700 | 1 |
_aDąbrowa-Bajon, Mirosława. _eRed. |
|
| 830 | 0 |
_aPrace Naukowe - Politechnika Warszawska. _pTransport, _x1230-9265 ; _vz. 57 |
|
| 020 | _a12309265 | ||
| 040 | _cBPK | ||
| 041 | 0 |
_apol _beng |
|
| 044 | _aPOL | ||
| 080 | _a629:656 | ||
| 942 | _cKS | ||
| 008 | s pl f |000 0 pol | ||
| 999 |
_c54173 _d54173 |
||
| 856 |
_uhttp://koha.tu.koszalin.pl/cgi-bin/koha/opac-detail.pl?biblionumber=54173 _yKatalog online BPK |
||